Statystyki dla Państwa na litere M

Kliknij tutaj aby rozwiązać quiz!

Ogólne statystyki

  • Ten quiz został rozwiązany 190 razy
  • Średni wynik to 9 z 18

Statystyki odpowiedzi

Odpowiedź:Państwa:% Poprawnych
MeksykMeksyk
79%
MarokoMaroko
72%
MołdawiaMołdawia
70%
MonakoMonako
70%
MacedoniaMacedonia
63%
MaliMali
63%
MaltaMalta
61%
MongoliaMongolia
61%
MalediwyMalediwy
59%
MalezjaMalezja
56%
MadagaskarMadagaskar
54%
MauretaniaMauretania
53%
MozambikMozambik
46%
MauritiusMauritius
43%
MikronezjaMikronezja
41%
MalawiMalawi
39%
MjanmarMjanmar
8%
MakauMakau
4%

Rozkład punktacji

Percentyl według liczby udzielonych odpowiedzi

Procent ludzi z każdym wynikiem

Twoja historia wyników

Nie rozwiązałeś tego quizu